[Event "Ruhrgebiet Regionalliga 1415"]
[Site "Germany"]
[Date "2015.02.22"]
[Round "6.3"]
[White "Gelashvili, George"]
[Black "Schroeder, Wilfried"]
[Result "1-0"]
[WhiteElo "2082"]
[BlackElo "2113"]
[PlyCount "57"]
[EventDate "2014.09.28"]
[EventType "team-tourn"]
[EventRounds "9"]
[EventCountry "GER"]
[SourceTitle "EXT 2022"]
[Source "ChessBase"]
[SourceDate "2021.10.06"]
[SourceVersion "1"]
[SourceVersionDate "2021.10.06"]
[SourceQuality "1"]
[WhiteTeam "Hamm SV"]
[BlackTeam "Wattenscheid SV II"]
[WhiteTeamCountry "GER"]
[BlackTeamCountry "GER"]

1. Nf3 d5 2. b3 Nf6 3. Bb2 e6 4. e3 Be7 5. Be2 0-0 6. 0-0 b6 7. d3 Bb7 8. Nbd2 c5 9. Ne5 Nc6 10. f4 Nd7 11. Nxd7 Qxd7 12. Nf3 Rac8 13. Qe1 Bd6 14. Qh4 f6 15. Nd2 Qe7 16. a3 e5 17. f5 g5 18. fxg6 hxg6 19. Bf3 Nd8 20. e4 d4 21. Bg4 Rb8 22. Qg3 Kg7 23. Nf3 g5 24. Rf2 Rh8 25. Raf1 Nf7 26. h4 Rbf8 27. Bc1 Rfg8 28. Nxg5 fxg5 29. Rxf7+ 1-0

[Event "Oberliga NRW 1415"]
[Site "Germany"]
[Date "2014.10.05"]
[Round "2.8"]
[White "Stukenbrok, Nils"]
[Black "Schroeder, Wilfried"]
[Result "1/2-1/2"]
[WhiteElo "1991"]
[BlackElo "2116"]
[PlyCount "87"]
[EventDate "2014.09.14"]
[EventType "team-tourn"]
[EventRounds "9"]
[EventCountry "GER"]
[SourceTitle "EXT 2017"]
[Source "ChessBase"]
[SourceDate "2016.10.25"]
[SourceVersion "1"]
[SourceVersionDate "2016.10.25"]
[SourceQuality "1"]
[WhiteTeam "Lieme"]
[BlackTeam "Wattenscheid"]
[WhiteTeamCountry "GER"]
[BlackTeamCountry "GER"]

1. d4 d5 2. c4 e6 3. Nc3 c6 4. e3 Bd6 5. Nf3 f5 6. Bd3 Nf6 7. 0-0 0-0 8. Qc2 Nbd7 9. cxd5 cxd5 10. b3 a6 11. a4 Qe7 12. Qa2 Ne4 13. Ne2 b6 14. Ba3 Bb7 15. Bxd6 Qxd6 16. Qa3 Qxa3 17. Rxa3 h6 18. a5 b5 19. h4 Rac8 20. Raa1 Rc7 21. Rfc1 Rfc8 22. Rxc7 Rxc7 23. Rc1 Rxc1+ 24. Nxc1 Kf7 25. Bc2 Ke7 26. Nd3 Kd6 27. Kf1 Nb8 28. Nfe5 Nc6 29. f3 Nf6 30. Nc5 Bc8 31. Nxc6 Kxc6 32. Ke2 e5 33. dxe5 Kxc5 34. exf6 gxf6 35. Kd3 Bd7 36. g3 Be6 37. Kc3 b4+ 38. Kd3 Bd7 39. Bd1 Be6 40. Bc2 Bd7 41. Kd2 Kb5 42. Kd3 Kc5 43. Bd1 Be6 44. Bc2 1/2-1/2

[Event "Oberliga NRW 1314"]
[Site "Germany"]
[Date "2014.03.09"]
[Round "7.8"]
[White "Schroeder, Wilfried"]
[Black "Rott, Georg"]
[Result "0-1"]
[WhiteElo "2107"]
[BlackElo "2147"]
[PlyCount "56"]
[EventDate "2013.09.15"]
[EventType "team-tourn"]
[EventRounds "9"]
[EventCountry "GER"]
[SourceTitle "EXT 2015"]
[Source "ChessBase"]
[SourceDate "2014.11.20"]
[SourceVersion "1"]
[SourceVersionDate "2014.11.20"]
[SourceQuality "1"]
[WhiteTeam "Wattenscheid II"]
[BlackTeam "Muenster"]
[WhiteTeamCountry "GER"]
[BlackTeamCountry "GER"]

1. Nf3 d5 2. d4 Nf6 3. c4 c6 4. e3 Bf5 5. Nc3 e6 6. Nh4 Be4 7. f3 Bg6 8. Nxg6 hxg6 9. g4 Bd6 10. f4 g5 11. Qf3 gxf4 12. exf4 dxc4 13. Bxc4 Qb6 14. Bb3 Nbd7 15. Be3 Nd5 16. 0-0-0 N7f6 17. f5 0-0-0 18. Bg5 Qc7 19. fxe6 fxe6 20. h4 Rdf8 21. Qe2 Re8 22. Bxf6 gxf6 23. Ne4 f5 24. Nxd6+ Qxd6 25. Bxd5 exd5 26. Qf3 fxg4 27. Qxg4+ Qd7 28. Rdg1 Re1+ 0-1

[Event "Ruhrgebiet Regionalliga 1314"]
[Site "Ruhrgebiet"]
[Date "2013.11.10"]
[Round "3.2"]
[White "Schroeder, Wilfried"]
[Black "Goldschmidt, Christian"]
[Result "0-1"]
[WhiteElo "2107"]
[BlackElo "2205"]
[PlyCount "100"]
[EventDate "2013.09.22"]
[EventType "team-tourn"]
[EventRounds "9"]
[EventCountry "GER"]
[SourceTitle "EXT 2024"]
[Source "ChessBase"]
[SourceDate "2023.10.10"]
[SourceVersion "1"]
[SourceVersionDate "2023.10.10"]
[SourceQuality "1"]
[WhiteTeam "Wattenscheid III"]
[BlackTeam "Brackel"]
[WhiteTeamCountry "GER"]
[BlackTeamCountry "GER"]

1. d4 Nf6 2. c4 g6 3. Nf3 Bg7 4. g3 0-0 5. Bg2 d6 6. 0-0 c6 7. Nc3 Qa5 8. e4 Bg4 9. h3 Bxf3 10. Qxf3 Nfd7 11. Be3 c5 12. Qd1 Rd8 13. Ne2 cxd4 14. Nxd4 Nc6 15. Nxc6 bxc6 16. Bd4 Rab8 17. Bxg7 Kxg7 18. Qc2 Qc5 19. Kh2 a5 20. Rac1 Nf8 21. f4 Ne6 22. f5 Nf8 23. Qc3+ Qe5 24. Qxe5+ dxe5 25. fxg6 hxg6 26. Rf2 Ne6 27. Bf3 Nc5 28. Rcc2 Rd4 29. Rfe2 Rbd8 30. Re3 Rd2+ 31. Rxd2 Rxd2+ 32. Re2 Rd3 33. Bg4 e6 34. Kg2 Kf8 35. Bf3 Ke7 36. h4 Kd6 37. g4 Ke7 38. Kf2 Rd4 39. b3 a4 40. bxa4 Rxc4 41. h5 gxh5 42. gxh5 Rxa4 43. Kg3 Kf6 44. Kg4 Kg7 45. Kg3 Kh6 46. Kh3 Ra3 47. Kg4 Nd3 48. Kg3 c5 49. Re3 c4 50. Bd1 Rxa2 0-1

[Event "Ruhrgebiet Regionalliga 1213"]
[Site "Nordrheinwestfalen"]
[Date "2013.02.10"]
[Round "6.3"]
[White "Schroeder, Wilfried"]
[Black "Kilian, Ralf"]
[Result "1-0"]
[WhiteElo "2044"]
[BlackElo "2180"]
[PlyCount "45"]
[EventDate "2012.09.09"]
[EventType "team-tourn"]
[EventRounds "9"]
[EventCountry "GER"]
[SourceTitle "EXT 2020"]
[Source "ChessBase"]
[SourceDate "2019.10.17"]
[SourceVersion "1"]
[SourceVersionDate "2019.10.17"]
[SourceQuality "1"]
[WhiteTeam "Wattenscheid SV III"]
[BlackTeam "Kamen SV"]
[WhiteTeamCountry "GER"]
[BlackTeamCountry "GER"]

1. d4 d5 2. Nf3 Nf6 3. c4 e6 4. g3 c5 5. cxd5 exd5 6. Bg2 Nc6 7. 0-0 Be7 8. Nc3 0-0 9. b3 Ne4 10. Bb2 Bf6 11. e3 Bg4 12. Ne2 Re8 13. Rb1 Qa5 14. dxc5 Qxc5 15. Bxf6 Nxf6 16. Qc1 Qa5 17. Qb2 Ne4 18. Ned4 Rac8 19. Rbc1 Nb4 20. Rxc8 Rxc8 21. Ne5 Be6 22. a3 Qc7 23. Nxe6 1-0

[Event "Ruhrgebiet Regionalliga 1213"]
[Site "Nordrheinwestfalen"]
[Date "2012.11.04"]
[Round "3.2"]
[White "Frombach, Ralf"]
[Black "Schroeder, Wilfried"]
[Result "1-0"]
[WhiteElo "2143"]
[BlackElo "2044"]
[PlyCount "73"]
[EventDate "2012.09.09"]
[EventType "team-tourn"]
[EventRounds "9"]
[EventCountry "GER"]
[SourceTitle "EXT 2020"]
[Source "ChessBase"]
[SourceDate "2019.10.17"]
[SourceVersion "1"]
[SourceVersionDate "2019.10.17"]
[SourceQuality "1"]
[WhiteTeam "Koenigsspringer Hamm"]
[BlackTeam "Wattenscheid SV III"]
[WhiteTeamCountry "GER"]
[BlackTeamCountry "GER"]

1. d4 d5 2. c4 e6 3. Nc3 Nf6 4. Nf3 c6 5. Qb3 Be7 6. g3 0-0 7. Bg2 b6 8. 0-0 Nbd7 9. Rd1 Ba6 10. cxd5 exd5 11. Ne5 Bb7 12. e4 dxe4 13. Nxe4 Nd5 14. Nc3 Nxc3 15. bxc3 Nxe5 16. dxe5 Qc8 17. Bf4 c5 18. Bxb7 Qxb7 19. e6 Rad8 20. exf7+ Rxf7 21. Rxd8+ Bxd8 22. Re1 Qc6 23. Re6 Qd7 24. Rd6 Qe8 25. Qd5 Bc7 26. Re6 Qd7 27. Bd6 Bd8 28. Qe4 g6 29. Re8+ Kg7 30. Be5+ Kh6 31. h4 g5 32. hxg5+ Bxg5 33. Re6+ Qxe6 34. Bg7+ Kxg7 35. Qxe6 Re7 36. Qg4 Kf6 37. f4 1-0

[Event "Ruhrgebiet Regionalliga 1213"]
[Site "Nordrheinwestfalen"]
[Date "2012.10.14"]
[Round "2.3"]
[White "Steinle, Carsten"]
[Black "Schroeder, Wilfried"]
[Result "0-1"]
[WhiteElo "2159"]
[BlackElo "2044"]
[PlyCount "64"]
[EventDate "2012.09.09"]
[EventType "team-tourn"]
[EventRounds "9"]
[EventCountry "GER"]
[SourceTitle "EXT 2020"]
[Source "ChessBase"]
[SourceDate "2019.10.17"]
[SourceVersion "1"]
[SourceVersionDate "2019.10.17"]
[SourceQuality "1"]
[WhiteTeam "Ahlen SV"]
[BlackTeam "Wattenscheid SV III"]
[WhiteTeamCountry "GER"]
[BlackTeamCountry "GER"]

1. d4 d5 2. Nf3 Nf6 3. c4 e6 4. Nc3 c6 5. cxd5 exd5 6. Bf4 Bf5 7. a3 Bd6 8. Bxd6 Qxd6 9. Qb3 Nbd7 10. e3 0-0 11. Rc1 a5 12. Be2 b5 13. 0-0 a4 14. Qb4 Qxb4 15. axb4 a3 16. bxa3 Rxa3 17. Nh4 Be6 18. Nb1 Rb3 19. Rxc6 Rxb4 20. Nc3 Rb8 21. Bd3 Rb3 22. Bc2 Rb2 23. Rc1 g6 24. Nf3 b4 25. Nd1 Ra2 26. Bb3 Ra3 27. Nd2 Nb6 28. Nb2 Ne4 29. Nxe4 Rxb3 30. Nc5 Rxb2 31. Rxb6 Rxb6 32. Na4 Rc6 0-1